Of God and men. (Record no. 13086)

000 -LEADER
fixed length control field 00770nam a2200205 a 4500
001 - CONTROL NUMBER
control field :::00010904$&:&@@
003 - CONTROL NUMBER IDENTIFIER
control field OkBaRHE
005 - DATE AND TIME OF LATEST TRANSACTION
control field 20000607103403.0
008 - FIXED-LENGTH DATA ELEMENTS--GENERAL INFORMATION
fixed length control field s1960 j 000 0 eng u
040 ## - CATALOGING SOURCE
Transcribing agency
100 1# - MAIN ENTRY--PERSONAL NAME
Personal name Tozer, A. W. (Aiden Wilson), 1897-1963.
245 10 - TITLE STATEMENT
Title Of God and men.
260 ## - PUBLICATION, DISTRIBUTION, ETC. (IMPRINT)
Place of publication, distribution, etc Harrisburg, PA., :
Name of publisher, distributor, etc Christian Publications
Date of publication, distribution, etc c1960
300 ## - PHYSICAL DESCRIPTION
Extent 133 p. ;
Dimensions 20 cm.
650 ## - SUBJECT ADDED ENTRY--TOPICAL TERM
Topical term or geographic name as entry element Christian Life
942 ## - ADDED ENTRY ELEMENTS (KOHA)
Source of classification or shelving scheme
Koha item type Books
Copies
Barcode Source of classification or shelving scheme Price effective from Damaged status Date acquired Withdrawn status Permanent Location Copy number Shelving location Koha item type Date last seen Lost status Full call number Not for loan
10904 2010-04-14 2010-04-14 RHEMA Bible Training College1General StacksBooks2010-04-14 BV 4501.2 .T67 
15240 2010-04-14 2010-04-14 RHEMA Bible Training College2General StacksBooks2010-04-14 BV 4501.2 .T67 
20683 2010-04-14 2010-04-14 RHEMA Bible Training College3General StacksBooks2010-04-14 BV 4501.2 .T67